| 000 | 00681nam a22002057a 4500 | ||
|---|---|---|---|
| 005 | 20140429083156.0 | ||
| 008 | 010710s2001 ja ab b i001 0 eng | ||
| 020 | _a928081060X | ||
| 024 | 0 | _ceng | |
| 080 |
_a504.6 _x(5) |
||
| 245 | 0 | 0 |
_aGlobalization and the sustainability of cities in the Asia Pacific region / _cedited by Fu-chen Lo and Peter J. Marcotullio. |
| 260 |
_aTokyo ; _aNew York : _bUnited Nations University Press, _c2001. |
||
| 300 |
_a505 f. : _bill., maps ; _c23 cm. |
||
| 504 | _aIncludes bibliographical references and index f.491-505 | ||
| 650 | 0 | _aMjedisi | |
| 650 | 0 | _aMbrojtja | |
| 700 | 1 | _aLo, Fu-chen. | |
| 700 | 1 | _aMarcotullio, Peter, | |
| 942 |
_2udc _cBK |
||
| 999 |
_c441 _d441 |
||